<?xml version="1.0" encoding="UTF-8"?>
<record
    xmlns:xsi="http://www.w3.org/2001/XMLSchema-instance"
    xsi:schemaLocation="http://www.loc.gov/MARC21/slim http://www.loc.gov/standards/marcxml/schema/MARC21slim.xsd"
    xmlns="http://www.loc.gov/MARC21/slim">

  <leader>00346nam  22001093  4500</leader>
  <controlfield tag="001">32600</controlfield>
  <datafield tag="090" ind1=" " ind2=" ">
    <subfield code="a">32600</subfield>
  </datafield>
  <datafield tag="100" ind1=" " ind2=" ">
    <subfield code="a">20260318d        u||y0pory50      ba</subfield>
  </datafield>
  <datafield tag="101" ind1=" " ind2=" ">
    <subfield code="a">eng</subfield>
  </datafield>
  <datafield tag="200" ind1=" " ind2=" ">
    <subfield code="a">Outline of the operacional numerical Weather Prediction at the Japan Meteorological Agency</subfield>
    <subfield code="e">Appendix to Progress Report on Numerical Weather Prediction</subfield>
  </datafield>
  <datafield tag="801" ind1=" " ind2=" ">
    <subfield code="g">ISBD</subfield>
  </datafield>
  <datafield tag="942" ind1=" " ind2=" ">
    <subfield code="n">0</subfield>
  </datafield>
  <datafield tag="995" ind1=" " ind2=" ">
    <subfield code="1">0</subfield>
    <subfield code="4">ESTANTE_3_PRAT_4_000000000000000</subfield>
    <subfield code="5">2026-03-18</subfield>
    <subfield code="6">10155</subfield>
    <subfield code="9">32598</subfield>
    <subfield code="a">IPMA_SE</subfield>
    <subfield code="c">IPMA_SE</subfield>
    <subfield code="h">2 exemplares</subfield>
    <subfield code="k">Estante 3, Prat 4</subfield>
    <subfield code="n">2026-03-18</subfield>
    <subfield code="o">0</subfield>
    <subfield code="r">MON</subfield>
  </datafield>
</record>
